000 00704nam a2200289Ia 4500
005 20260324145818.0
008 008 260324s9999 xx 000 0 eng d
020 _a9780203714911
037 _aEBOOK
040 _aCRL
040 _beng
040 _cCRL
041 _2eng
041 _aeng
084 _qCRL
100 _aGeorge W. Brown; Tirril Harris
_91224275
245 0 _aSocial Origins of Depression
245 2 _bA study of psychiatric disorder in women
260 _bTaylor and Francis
260 _c1978
365 _a
365 _b350
856 _uhttp://www.taylorfrancis.com/books/9780203714911
942 _cEBOOK
999 _c1832699
_d1832699